000 00467nam a2200181Ia 4500
999 _c32064
_d32064
003 OSt
005 20200730103653.0
008 190216s9999||||xx |||||||||||||| ||und||
020 _a8188222178
040 _coclc
082 _a512
_bGOY/A
100 _aGoyal, S K
_93867
245 0 _aAlgebra /
_cS K Goyal
260 _bArihant Prakashan,
_aMeerut:
300 _a1012p
650 _aMathematics
942 _cBK
_2ddc
_h512
_iGOY/A
_k512
_mGOY/A